Loading...
| Literature - American | 0 | 8 | 0 | 1 | 80 | 75 | 102.13 | 0 | 3 | 0.00 | 0.00 |
| Literature - European | 0 | 8 | 0 | 0 | 80 | 55 | 95.50 | 3 | 6 | 0.00 | 0.00 |
| Fine Arts - Classical Music | 0 | 7 | 0 | 0 | 70 | 82 | 101.71 | 0 | 4 | 0.00 | 0.00 |
| Literature - World | 0 | 7 | 0 | 0 | 70 | 31 | 84.86 | 2 | 4 | 0.00 | 0.00 |
| Mythology | 0 | 7 | 0 | 2 | 70 | 37 | 91.14 | 1 | 3 | 0.00 | 0.00 |
| Literature - British | 0 | 6 | 0 | 1 | 60 | 77 | 104.50 | 1 | 2 | 0.00 | 0.00 |
| History - Other | 0 | 4 | 0 | 1 | 40 | 86 | 106.25 | 0 | 0 | 0.00 | 0.00 |
| Philosophy | 0 | 4 | 0 | 1 | 40 | 74 | 95.75 | 0 | 2 | 0.00 | 0.00 |
| Science - Chemistry | 0 | 4 | 0 | 1 | 40 | 61 | 99.75 | 0 | 2 | 0.00 | 0.00 |
| Fine Arts - Other | 0 | 4 | 1 | 0 | 35 | 98 | 119.00 | 0 | 0 | 0.00 | 0.00 |
| Social Science | 0 | 3 | 0 | 0 | 30 | 75 | 77.33 | 0 | 0 | 0.00 | 0.00 |
| Science - Biology | 0 | 3 | 0 | 0 | 30 | 93 | 102.67 | 0 | 0 | 0.00 | 0.00 |
| History - European | 0 | 3 | 0 | 2 | 30 | 74 | 104.33 | 0 | 0 | 0.00 | 0.00 |
| Science - Other | 0 | 3 | 0 | 1 | 30 | 95 | 104.33 | 0 | 1 | 0.00 | 0.00 |
| Fine Arts - Painting and Sculpture | 0 | 3 | 0 | 0 | 30 | 101 | 105.33 | 0 | 0 | 0.00 | 0.00 |
| Religion | 0 | 3 | 0 | 1 | 30 | 62 | 99.67 | 1 | 2 | 0.00 | 0.00 |
| Science - Physics | 0 | 3 | 1 | 1 | 25 | 78 | 96.67 | 1 | 2 | 0.00 | 0.00 |
| History - American | 0 | 2 | 0 | 1 | 20 | 93 | 108.00 | 0 | 0 | 0.00 | 0.00 |
| History - World | 0 | 2 | 0 | 0 | 20 | 92 | 111.00 | 0 | 0 | 0.00 | 0.00 |